000 01138nam a2200301 c 4500
999 _c447470
_d447470
003 BLK
005 20230628141948.0
008 180410b bul|||||r ||||||| ||bul||
040 _aBLK
041 _aBUL
_cBUL
080 _aМузиканти-творци, композитори
_b78.071.1
_x(092)(062)
_z78.071.1(092)(062)
080 _aБългарски композитор
_b929 Цанков, Йосиф Иванов
_z929 Цанков, Йосиф Иванов
139 _bЦ 17
245 1 0 _aЙосиф Цанков на 70 години
_h[Малотир. изд.]
257 _aBGR
260 _aСофия
_bЦентър за пропаганда, информ. и печат при К-та за култура
_cб. г.
_9219538
300 _a9 с.
_bсъс сн.
_c20х21 см
380 _a7
600 0 _9315191
_aЦанков, Йосиф Иванов
651 4 _aРусе
_9179462
653 7 _aбългарски композитори
_9182685
653 7 _aюбилеи
_9200927
852 _bК
_cК 78/Ц 17
856 4 _qpdf
856 4 _qpdf
942 _cKNG
_n0
_s1
_01
944 _aCR
_c2022-03-08
_kнр